[Event "SVK-ch U14"]
[Site "Liptovsky Mikulas"]
[Date "2005.04.16"]
[Round "9"]
[White "Kuska, Michal"]
[Black "Medvec, Miroslav"]
[Result "1-0"]
[WhiteElo "1394"]
[BlackElo "1402"]
[PlyCount "61"]
[EventDate "2005.04.11"]
[EventType "swiss"]
[EventRounds "9"]
[EventCountry "SVK"]
[SourceTitle "EXT 2008"]
[Source "ChessBase"]
[SourceDate "2007.11.25"]
[SourceVersion "1"]
[SourceVersionDate "2007.11.25"]
[SourceQuality "1"]

1. e4 e5 2. Nf3 Nc6 3. Nc3 Nf6 4. d4 exd4 5. Nxd4 Bb4 6. Nxc6 bxc6 7. Bd3 d5 8. exd5 cxd5 9. 0-0 0-0 10. Bg5 c6 11. a3 Bd6 12. Qe2 Re8 13. Bxf6 gxf6 14. Qh5 Be6 15. Qxh7+ Kf8 16. Rfe1 Ke7 17. Bf5 Be5 18. Bxe6 Kxe6 19. f4 Qb6+ 20. Kh1 Qxb2 21. Qh3+ Kd6 22. fxe5+ fxe5 23. Qd3 e4 24. Qg3+ Kd7 25. Qg4+ Kd6 26. Qf4+ Ke6 27. Ne2 c5 28. Qc7 Rec8 29. Nf4+ Kf5 30. Qxf7+ Ke5 31. Nd3+ 1-0

[Event "SVK-ch U14"]
[Site "Liptovsky Mikulas"]
[Date "2005.04.13"]
[Round "4"]
[White "Mraz, Martin"]
[Black "Kuska, Michal"]
[Result "1-0"]
[WhiteElo "1350"]
[BlackElo "1394"]
[PlyCount "47"]
[EventDate "2005.04.11"]
[EventType "swiss"]
[EventRounds "9"]
[EventCountry "SVK"]
[SourceTitle "EXT 2008"]
[Source "ChessBase"]
[SourceDate "2007.11.25"]
[SourceVersion "1"]
[SourceVersionDate "2007.11.25"]
[SourceQuality "1"]

1. e4 e5 2. Nf3 Nc6 3. d4 exd4 4. Bc4 Nf6 5. e5 Ng4 6. Qe2 Be7 7. Qe4 d6 8. exd6 Qxd6 9. 0-0 Nce5 10. Nxe5 Nxe5 11. Bf4 f6 12. Rd1 Qb4 13. Bb3 a5 14. Rxd4 Qb5 15. Nc3 Qc6 16. Ba4 f5 17. Bxc6+ bxc6 18. Qxe5 Kf7 19. Qxc7 Kf8 20. Rd8+ Bxd8 21. Qxd8+ Kf7 22. Qxh8 h6 23. Qd8 Bb7 24. Qc7+ 1-0